|
|
|
|
| LEADER |
00000cam a22000004a 4500 |
| 001 |
musev2_89976 |
| 003 |
MdBmJHUP |
| 005 |
20230905053006.0 |
| 006 |
m o d |
| 007 |
cr||||||||nn|n |
| 008 |
200622s2020 nyu o 00 0 eng d |
| 010 |
|
|
|z 2020016523
|
| 020 |
|
|
|a 9781479800018
|
| 035 |
|
|
|a (OCoLC)1162519138
|
| 040 |
|
|
|a MdBmJHUP
|c MdBmJHUP
|
| 100 |
1 |
|
|a Kim, Daniel Y.,
|e author.
|
| 245 |
1 |
4 |
|a The Intimacies of Conflict :
|b Cultural Memory and the Korean War /
|c Daniel Y. Kim.
|
| 264 |
|
1 |
|a New York :
|b New York University Press,
|c [2020]
|
| 264 |
|
3 |
|a Baltimore, Md. :
|b Project MUSE,
|c 2022
|
| 264 |
|
4 |
|c ©[2020]
|
| 300 |
|
|
|a 1 online resource:
|b illustrations ;
|
| 336 |
|
|
|a text
|b txt
|2 rdacontent
|
| 337 |
|
|
|a computer
|b c
|2 rdamedia
|
| 338 |
|
|
|a online resource
|b cr
|2 rdacarrier
|
| 505 |
0 |
|
|a Part 1. -- He's a South Korean when he's running with you, and he's a North Korean when he's running after you : military orientalism and military humanitarianism -- "Tan Yanks" and Black Korea : military multicultualism and race war in cinema -- Military orientalism and the intimacies of collaboration : sacrifice and the construction of the Nisei citizen-soldier as a model minority -- Picture Koreans : the age of the world target and humanitarian orientalism
|
| 505 |
0 |
|
|a Part 2. -- Angels of mercy and the angel of history : the disfiguring of humanitarian orientalism -- "Bled in, letter by letter" : postmemory and the subject of Korean War history -- The racial borderlands of the Korean War -- The intimacies of complicity -- Conclusion: "The delicate chains of war."
|
| 520 |
|
|
|a "The Intimacies of Conflict explores cultural memory and the Korean War"--
|c Provided by publisher.
|
| 588 |
|
|
|a Description based on print version record.
|
| 650 |
|
7 |
|a Collective memory
|z United States.
|2 nli
|
| 650 |
|
7 |
|a Minorities in motion pictures.
|2 nli
|
| 650 |
|
7 |
|a Race in literature.
|2 nli
|
| 650 |
|
7 |
|a Race awareness
|z United States
|x History and criticism.
|2 nli
|
| 650 |
|
7 |
|a Orientalism
|z United States
|x History
|y 20th century.
|2 nli
|
| 650 |
|
7 |
|a Korean War, 1950-1953
|x Motion pictures and the war.
|2 nli
|
| 650 |
|
7 |
|a Korean War, 1950-1953
|x Literature and the war.
|2 nli
|
| 650 |
|
7 |
|a Korean War, 1950-1953
|x Social aspects
|z United States.
|2 nli
|
| 650 |
|
7 |
|a War and motion pictures.
|2 fast
|0 (OCoLC)fst01919878
|
| 650 |
|
7 |
|a War and literature.
|2 fast
|0 (OCoLC)fst01170442
|
| 650 |
|
7 |
|a Social aspects.
|2 fast
|0 (OCoLC)fst01354981
|
| 650 |
|
7 |
|a Race in literature.
|2 fast
|0 (OCoLC)fst01086506
|
| 650 |
|
7 |
|a Race awareness.
|2 fast
|0 (OCoLC)fst01086455
|
| 650 |
|
7 |
|a Orientalism.
|2 fast
|0 (OCoLC)fst01048139
|
| 650 |
|
7 |
|a Minorities in motion pictures.
|2 fast
|0 (OCoLC)fst01023282
|
| 650 |
|
7 |
|a Collective memory.
|2 fast
|0 (OCoLC)fst01739814
|
| 650 |
|
7 |
|a Armed Forces
|x Minorities.
|2 fast
|0 (OCoLC)fst00814612
|
| 650 |
|
6 |
|a Memoire collective
|z États-Unis.
|
| 650 |
|
6 |
|a Minorites au cinema.
|
| 650 |
|
6 |
|a Race dans la litterature.
|
| 650 |
|
6 |
|a Conscience de race
|z États-Unis
|x Histoire et critique.
|
| 650 |
|
6 |
|a Orientalisme
|z États-Unis
|x Histoire
|y 20e siecle.
|
| 650 |
|
6 |
|a Guerre de Coree, 1950-1953
|x Aspect social
|z États-Unis.
|
| 650 |
|
0 |
|a Collective memory
|z United States.
|
| 650 |
|
0 |
|a Minorities in motion pictures.
|
| 650 |
|
0 |
|a Race in literature.
|
| 650 |
|
0 |
|a Race awareness
|z United States
|x History and criticism.
|
| 650 |
|
0 |
|a Orientalism
|z United States
|x History
|y 20th century.
|
| 650 |
|
0 |
|a Korean War, 1950-1953
|x Motion pictures and the war.
|
| 650 |
|
0 |
|a Korean War, 1950-1953
|x Literature and the war.
|
| 650 |
|
0 |
|a Korean War, 1950-1953
|x Social aspects
|z United States.
|
| 651 |
|
7 |
|a United States
|x Armed Forces
|x Minorities
|x History
|y 20th century.
|2 nli
|
| 651 |
|
7 |
|a United States.
|2 fast
|0 (OCoLC)fst01204155
|
| 651 |
|
6 |
|a États-Unis
|x Forces armees
|x Minorites
|x Histoire
|y 20e siecle.
|
| 651 |
|
0 |
|a United States
|x Armed Forces
|x Minorities
|x History
|y 20th century.
|
| 655 |
|
7 |
|a Documents d'information.
|2 rvmgf
|
| 655 |
|
7 |
|a Informational works.
|2 lcgft
|
| 655 |
|
7 |
|a History.
|2 fast
|0 (OCoLC)fst01411628
|
| 655 |
|
7 |
|a Criticism, interpretation, etc.
|2 fast
|0 (OCoLC)fst01411635
|
| 655 |
|
7 |
|a Informational works.
|2 fast
|0 (OCoLC)fst01919930
|
| 655 |
|
7 |
|a Electronic books.
|2 local
|
| 710 |
2 |
|
|a Project Muse.
|e distributor
|
| 830 |
|
0 |
|a Book collections on Project MUSE.
|
| 856 |
4 |
0 |
|z Texto completo
|u https://projectmuse.uam.elogim.com/book/89976/
|
| 945 |
|
|
|a Project MUSE - Custom Collection
|